[Event "Fagernes op"]
[Site "Fagernes NOR"]
[Date "2022.10.11"]
[Round "3.15"]
[White "Thavandiran, Shiyam"]
[Black "Ostensen, Nicolai Maxime"]
[Result "1-0"]
[WhiteElo "2353"]
[BlackElo "2136"]
[PlyCount "105"]
[EventDate "2022.04.10"]
[EventType "swiss"]
[EventRounds "9"]
[EventCountry "NOR"]
[Source "ChessMix"]
[SourceDate "2022.10.20"]

1. e4 e5 2. Nf3 Nc6 3. Nc3 Nf6 4. h3 a6 5. g3 Bb4 6. Bg2 d6 7. d3 h6 8. O-O Be6
9. a3 Bc5 10. b4 Ba7 11. Be3 Bxe3 12. fxe3 d5 13. exd5 Nxd5 14. Qd2 O-O 15. Ne4
b6 16. c4 Nde7 17. Qc3 Ng6 18. Nf2 Qd6 19. d4 exd4 20. exd4 Bf5 21. d5 Qxg3 22.
Nh1 Qd6 23. dxc6 Rad8 24. c5 bxc5 25. bxc5 Qe7 26. Rae1 Be6 27. Ng3 Rd5 28. Ne5
Rxe5 29. Rxe5 Nxe5 30. Qxe5 Rd8 31. Nf5 Qg5 32. h4 Qg4 33. Rf4 Qd1+ 34. Rf1 Qg4
35. Rf4 Qd1+ 36. Kh2 Bxf5 37. Qxf5 Qb3 38. Qe5 Rd2 39. Rg4 g6 40. Rb4 Rxg2+ 41.
Kxg2 Qc2+ 42. Kf3 Qd3+ 43. Kf2 Qc2+ 44. Ke3 Qc1+ 45. Kd3 Qd1+ 46. Kc3 Qa1+ 47.
Rb2 Qxa3+ 48. Kd2 Kh7 49. Qf6 h5 50. Qxf7+ Kh6 51. Qf4+ Kh7 52. Qxc7+ Kh6 53.
Qf4+ 1-0

[Event "Fagernes op"]
[Site "Fagernes NOR"]
[Date "2022.10.12"]
[Round "4.6"]
[White "Thavandiran, Shiyam"]
[Black "Demchenko, Anton"]
[Result "0-1"]
[WhiteElo "2353"]
[BlackElo "2645"]
[PlyCount "58"]
[EventDate "2022.04.10"]
[EventType "swiss"]
[EventRounds "9"]
[EventCountry "NOR"]
[Source "ChessMix"]
[SourceDate "2022.10.20"]

1. e4 c5 2. Nf3 d6 3. d4 cxd4 4. Nxd4 Nf6 5. Nc3 Nc6 6. Bg5 Bd7 7. Qd2 a6 8.
O-O-O e6 9. f4 Be7 10. Nf3 b5 11. Bxf6 gxf6 12. Kb1 b4 13. Ne2 h5 14. f5 e5 15.
Nc1 Qb6 16. Bc4 Rc8 17. Qe2 a5 18. Bb5 Nb8 19. Rd5 a4 20. Rhd1 Rg8 21. g3 Rg4
22. Bxd7+ Nxd7 23. Nd3 b3 24. cxb3 axb3 25. axb3 Qxb3 26. Nf2 Rg8 27. R1d3 Qc4
28. Re3 Qc1+ 29. Ka2 Rc2 0-1

[Event "Fagernes op"]
[Site "Fagernes NOR"]
[Date "2022.10.12"]
[Round "5.13"]
[White "Ingebretsen, Jens E"]
[Black "Thavandiran, Shiyam"]
[Result "1/2-1/2"]
[WhiteElo "2363"]
[BlackElo "2353"]
[PlyCount "83"]
[EventDate "2022.04.10"]
[EventType "swiss"]
[EventRounds "9"]
[EventCountry "NOR"]
[Source "ChessMix"]
[SourceDate "2022.10.20"]

1. d4 e6 2. c4 Bb4+ 3. Bd2 a5 4. Nf3 d6 5. Nc3 Nf6 6. Qc2 Nbd7 7. g3 b6 8. Bg2
Bb7 9. O-O O-O 10. Rfd1 Bxc3 11. Bxc3 Be4 12. Qc1 Qb8 13. a4 Qb7 14. b3 Rfe8
15. Qb2 h6 16. Rac1 Rad8 17. h3 Rc8 18. Kh2 Re7 19. Qd2 Rce8 20. Ba1 Qa8 21.
Bh1 e5 22. dxe5 dxe5 23. Qe3 Nc5 24. Bb2 Nfd7 25. Nh4 Bxh1 26. Rxh1 Qe4 27. Rc3
Re6 28. Rd1 Rd6 29. Rxd6 cxd6 30. Qd2 Qb1 31. f3 g5 32. Ng2 Nf8 33. Ne3 Nfe6
34. Ng4 Kg7 35. Re3 f5 36. Nxe5 dxe5 37. Rxe5 Kg8 38. Qc3 Qf1 39. Rxe6 Qf2+ 40.
Kh1 Qf1+ 41. Kh2 Qf2+ 42. Kh1 1/2-1/2

[Event "Fagernes op"]
[Site "Fagernes NOR"]
[Date "2022.10.13"]
[Round "6.14"]
[White "Unneland, Mathias"]
[Black "Thavandiran, Shiyam"]
[Result "0-1"]
[WhiteElo "2185"]
[BlackElo "2353"]
[PlyCount "68"]
[EventDate "2022.04.10"]
[EventType "swiss"]
[EventRounds "9"]
[EventCountry "NOR"]
[Source "ChessMix"]
[SourceDate "2022.10.20"]

1. e4 e6 2. d4 d5 3. Nc3 Nf6 4. e5 Nfd7 5. f4 c5 6. Nf3 Nc6 7. Be3 a6 8. Qd2 b5
9. a3 Qa5 10. dxc5 Bxc5 11. Bxc5 Nxc5 12. Nd4 Qb6 13. Nxc6 Qxc6 14. O-O-O O-O
15. h4 Rb8 16. b4 Nd7 17. Ne2 Nb6 18. Nd4 Qc7 19. h5 Bd7 20. Rh3 Rfc8 21. Rg3
h6 22. Re1 Kh8 23. Rf3 a5 24. g4 axb4 25. f5 bxa3 26. f6 a2 27. fxg7+ Kxg7 28.
Nb3 Nc4 29. Bxc4 bxc4 30. Qf4 Be8 31. Qf6+ Kh7 32. Na1 c3 33. Kd1 Qc4 34. Rd3
Rb1+ 0-1

[Event "Fagernes op"]
[Site "Fagernes NOR"]
[Date "2022.10.14"]
[Round "7.11"]
[White "Thavandiran, Shiyam"]
[Black "Nielsen, Viktor Haarmark"]
[Result "1/2-1/2"]
[WhiteElo "2353"]
[BlackElo "2384"]
[PlyCount "164"]
[EventDate "2022.04.10"]
[EventType "swiss"]
[EventRounds "9"]
[EventCountry "NOR"]
[Source "ChessMix"]
[SourceDate "2022.10.20"]

1. e4 e5 2. Nf3 Nc6 3. Nc3 Nf6 4. Bb5 Bb4 5. O-O O-O 6. d3 Bxc3 7. bxc3 d6 8.
Bg5 h6 9. Bh4 Bd7 10. Rb1 a6 11. Ba4 b5 12. Bb3 Na5 13. Re1 Bg4 14. h3 Bxf3 15.
Qxf3 g5 16. Bg3 c5 17. h4 Nxb3 18. cxb3 Kg7 19. d4 Nd7 20. Rbd1 cxd4 21. cxd4
Qe7 22. Qf5 Rfe8 23. hxg5 hxg5 24. Re3 Nf8 25. dxe5 dxe5 26. Red3 Qf6 27. Qg4
Re6 28. Qf5 Rae8 29. Qxf6+ Kxf6 30. Rc1 Ng6 31. Kf1 Rb6 32. Ke2 Ree6 33. Kf3
Red6 34. Rdc3 Ke6 35. Rc8 Ne7 36. R8c7 f6 37. Rh1 Rd7 38. Rxd7 Kxd7 39. Ke2 Nc6
40. Rh7+ Ke6 41. Rc7 Kd6 42. Rc8 Kd7 43. Ra8 Nb4 44. a4 Nc2 45. axb5 axb5 46.
Kd2 Rc6 47. Rb8 Nd4 48. b4 Kc7 49. Rf8 Kb7 50. Rf7+ Kc8 51. Rf8+ Kd7 52. Rb8
Rd6 53. Kc3 Ne2+ 54. Kc2 Nxg3 55. fxg3 Rd4 56. Rxb5 Rxe4 57. Rb6 Ke7 58. b5
Re2+ 59. Kc1 Rxg2 60. Rb8 Rxg3 61. b6 Rb3 62. Kc2 Rb5 63. b7 Kd6 64. Rd8+ Kc7
65. Rf8 Kxb7 66. Rxf6 Rd5 67. Rf5 Kc6 68. Rxg5 Kd6 69. Rg2 Kc5 70. Re2 Kc4 71.
Re4+ Kb5 72. Kc3 Kc5 73. Re2 Kd6 74. Rd2 Rxd2 75. Kxd2 e4 76. Ke3 Ke5 77. Ke2
Kd4 78. Kd2 e3+ 79. Ke2 Ke4 80. Ke1 Kf3 81. Kf1 e2+ 82. Ke1 Ke3 1/2-1/2

[Event "Fagernes op"]
[Site "Fagernes NOR"]
[Date "2022.10.15"]
[Round "8.13"]
[White "Cherniaiev, Tykhon"]
[Black "Thavandiran, Shiyam"]
[Result "1/2-1/2"]
[WhiteElo "2239"]
[BlackElo "2353"]
[PlyCount "74"]
[EventDate "2022.04.10"]
[EventType "swiss"]
[EventRounds "9"]
[EventCountry "NOR"]
[Source "ChessMix"]
[SourceDate "2022.10.20"]

1. d4 e6 2. c4 Nf6 3. Nf3 c5 4. g3 cxd4 5. Nxd4 d5 6. Bg2 e5 7. Nf3 d4 8. O-O
Nc6 9. b4 e4 10. Ng5 Bxb4 11. Nxe4 Nxe4 12. Bxe4 Bh3 13. Bg2 Bxg2 14. Kxg2 O-O
15. Nd2 Re8 16. Nf3 Qe7 17. a3 Bc3 18. Ra2 Rad8 19. Qd3 h6 20. Rc2 f6 21. Bb2
Bxb2 22. Rxb2 b6 23. Re1 Qf7 24. Rb5 Ne5 25. Nxe5 fxe5 26. Qe4 Qxc4 27. Rxe5
Rxe5 28. Qxe5 Qc3 29. Rd1 Qxa3 30. Rxd4 Rxd4 31. Qxd4 Qb3 32. e4 a5 33. e5 Qe6
34. Qd8+ Kf7 35. Qc7+ Kg8 36. Qd8+ Kf7 37. Qc7+ Kg8 1/2-1/2

[Event "Fagernes op"]
[Site "Fagernes NOR"]
[Date "2022.10.16"]
[Round "9.13"]
[White "Thavandiran, Shiyam"]
[Black "Melaa, Sondre Lillestol"]
[Result "1-0"]
[WhiteElo "2353"]
[BlackElo "2223"]
[PlyCount "67"]
[EventDate "2022.04.10"]
[EventType "swiss"]
[EventRounds "9"]
[EventCountry "NOR"]
[Source "ChessMix"]
[SourceDate "2022.10.20"]

1. e4 e5 2. Nf3 Nc6 3. Nc3 Nf6 4. Bb5 Nd4 5. O-O Nxb5 6. Nxb5 c6 7. Nc3 d6 8.
d4 Bg4 9. dxe5 Bxf3 10. Qxf3 dxe5 11. Bg5 Be7 12. Rfd1 Qc7 13. Ne2 O-O 14. Ng3
h6 15. Be3 Rfd8 16. Nf5 Rxd1+ 17. Rxd1 Rd8 18. Rxd8+ Qxd8 19. h3 Kh7 20. Bxa7
Bf8 21. Be3 g6 22. Ng3 Be7 23. Qe2 h5 24. Qd3 Qc7 25. Nf1 Kg7 26. Nd2 Qa5 27.
a3 Qa4 28. Nc4 Qb5 29. b3 Kf8 30. a4 Qb4 31. Bd2 Qc5 32. Be3 Qb4 33. Bd2 Qc5
34. Bc3 1-0

[Event "Titled Tuesday 2022.01.04"]
[Site "chess.com INT"]
[Date "2022.01.04"]
[Round "1"]
[White "Thavandiran, Shiyam"]
[Black "Meissner, F."]
[Result "1-0"]
[WhiteElo "2420"]
[BlackElo "2381"]
[PlyCount "51"]
[EventDate "2022.01.04"]
[EventType "swiss (blitz)"]
[EventRounds "11"]
[EventCountry "NET"]
[Source "Mark Crowther"]
[SourceDate "2022.01.10"]

1. e4 c6 2. d4 g6 3. Nd2 d5 4. Ngf3 dxe4 5. Nxe4 Nf6 6. Nxf6+ exf6 7. h3 Bg7 8.
Bd3 O-O 9. O-O a5 10. c3 Na6 11. Re1 Nc7 12. Bf4 Nd5 13. Bh2 a4 14. Qd2 b5 15.
Re2 Be6 16. Rae1 Re8 17. b3 axb3 18. axb3 Qa5 19. c4 Qxd2 20. Rxd2 bxc4 21.
bxc4 Nb4 22. Bf1 Rad8 23. Bc7 Rd7 24. Ba5 Na6 25. d5 cxd5 26. cxd5 1-0

[Event "Titled Tuesday 2022.01.04"]
[Site "chess.com INT"]
[Date "2022.01.04"]
[Round "2"]
[White "Gracia Alvarez, Gerardo Antonio"]
[Black "Thavandiran, Shiyam"]
[Result "0-1"]
[WhiteElo "2237"]
[BlackElo "2420"]
[PlyCount "102"]
[EventDate "2022.01.04"]
[EventType "swiss (blitz)"]
[EventRounds "11"]
[EventCountry "NET"]
[Source "Mark Crowther"]
[SourceDate "2022.01.10"]

1. e4 c6 2. c4 d5 3. cxd5 cxd5 4. exd5 Nf6 5. Qa4+ Nbd7 6. Nc3 g6 7. Bc4 Bg7 8.
d3 O-O 9. Nf3 a6 10. Qa3 b6 11. O-O Bb7 12. Re1 Re8 13. Qb4 Rc8 14. a4 Nc5 15.
d4 Ncd7 16. Bf4 Bf8 17. Qb3 Nh5 18. Be5 Bh6 19. g3 Nhf6 20. h3 Rf8 21. Nh2 Ne8
22. Ng4 Bg7 23. Rad1 Nd6 24. Bf1 Nf6 25. Nxf6+ exf6 26. Bf4 f5 27. Be5 Bh6 28.
Bg2 Re8 29. Ne2 Qd7 30. Nf4 Nc4 31. Bf1 b5 32. axb5 axb5 33. Rc1 Bxf4 34. Bxf4
Qxd5 35. f3 Rxe1 36. Rxe1 Qxf3 37. Qxf3 Bxf3 38. Rc1 Rd8 39. b3 Nd6 40. Rc7 Bd5
41. Be5 Bxb3 42. Rc6 Ne4 43. Rb6 Bc4 44. Bxc4 bxc4 45. Rc6 c3 46. g4 fxg4 47.
hxg4 f6 48. Bf4 Rxd4 49. Rc8+ Kf7 50. Rc7+ Ke6 51. Rxh7 Rc4 0-1

[Event "Titled Tuesday 2022.01.04"]
[Site "chess.com INT"]
[Date "2022.01.04"]
[Round "6"]
[White "Titus, Andrew"]
[Black "Thavandiran, Shiyam"]
[Result "0-1"]
[WhiteElo "2152"]
[BlackElo "2420"]
[PlyCount "130"]
[EventDate "2022.01.04"]
[EventType "swiss (blitz)"]
[EventRounds "11"]
[EventCountry "NET"]
[Source "Mark Crowther"]
[SourceDate "2022.01.10"]

1. e4 c6 2. d4 d5 3. Nd2 dxe4 4. Nxe4 Nf6 5. Nxf6+ exf6 6. c3 Bd6 7. Bd3 O-O 8.
Ne2 Re8 9. O-O Nd7 10. Ng3 Nf8 11. Be3 Be6 12. Qc2 Bc7 13. Rae1 Qd6 14. f4 b6
15. Be4 Bd5 16. Bd2 Rad8 17. Nf5 Qd7 18. Bxd5 cxd5 19. Qd3 Ng6 20. g3 Re6 21.
Ne3 Ne7 22. Nc2 Re8 23. f5 Rxe1 24. Nxe1 a5 25. Ng2 Qa4 26. Re1 Kf8 27. a3 Qb3
28. Bc1 Nc8 29. Rxe8+ Kxe8 30. Qe2+ Kd7 31. Ne3 Nd6 32. g4 Ne4 33. Qc2 Qxc2 34.
Nxc2 Kc6 35. a4 Bd6 36. h3 g6 37. Kg2 gxf5 38. gxf5 Ng3 39. Ne3 Bf4 40. Kf3
Bxe3 41. Bxe3 Nxf5 42. Bf2 Nd6 43. Bh4 Nc4 44. b4 Nb2 45. bxa5 bxa5 46. Bxf6
Nxa4 47. c4 dxc4 48. Ke4 Nb6 49. Bd8 a4 50. Be7 Nd5 51. Ba3 Nc3+ 52. Ke3 Nb5
53. Bc5 Kd5 54. h4 a3 55. Bxa3 Nxa3 56. Kf4 Nb5 57. Kf5 c3 58. Kf6 c2 59. Kxf7
c1=Q 60. Kg8 Qh6 61. h5 Nd6 62. Kh8 Qf8+ 63. Kxh7 Nf5 64. h6 Qxh6+ 65. Kg8 Qg7#
0-1

[Event "Titled Tuesday 2022.01.04"]
[Site "chess.com INT"]
[Date "2022.01.04"]
[Round "7"]
[White "Thavandiran, Shiyam"]
[Black "Akesson, Ralf"]
[Result "0-1"]
[WhiteElo "2420"]
[BlackElo "2396"]
[PlyCount "38"]
[EventDate "2022.01.04"]
[EventType "swiss (blitz)"]
[EventRounds "11"]
[EventCountry "NET"]
[Source "Mark Crowther"]
[SourceDate "2022.01.10"]

1. e4 c5 2. Nc3 Nc6 3. Nge2 e6 4. d4 cxd4 5. Nxd4 Qc7 6. Be2 a6 7. O-O Nf6 8.
Be3 d6 9. f4 Be7 10. Kh1 O-O 11. Qe1 Nxd4 12. Bxd4 e5 13. Be3 exf4 14. Rxf4 Be6
15. Qg3 Nd7 16. Bd4 Ne5 17. a4 Rae8 18. a5 Kh8 19. Qh3 Bxh3 0-1

[Event "Titled Tuesday 2022.01.04"]
[Site "chess.com INT"]
[Date "2022.01.04"]
[Round "8"]
[White "Sadykov, Ra"]
[Black "Thavandiran, Shiyam"]
[Result "1/2-1/2"]
[WhiteElo "2345"]
[BlackElo "2420"]
[PlyCount "160"]
[EventDate "2022.01.04"]
[EventType "swiss (blitz)"]
[EventRounds "11"]
[EventCountry "NET"]
[Source "Mark Crowther"]
[SourceDate "2022.01.10"]

1. e4 c6 2. d4 d5 3. exd5 cxd5 4. Bd3 Nc6 5. c3 Nf6 6. h3 g6 7. Nf3 Qc7 8. Na3
a6 9. Nc2 Bf5 10. Bxf5 gxf5 11. Ne3 e6 12. Qe2 O-O-O 13. Bd2 Ne4 14. g4 fxg4
15. hxg4 Bd6 16. O-O-O Kb8 17. Kb1 Ka7 18. Rdg1 b5 19. g5 Na5 20. Be1 Rb8 21.
Qc2 Bf4 22. Ng4 Nc4 23. Nge5 a5 24. Ka1 Rb7 25. b3 Nxe5 26. Nxe5 Bxe5 27. dxe5
Qxe5 28. f3 Nc5 29. Bf2 Rc8 30. Bd4 Qf4 31. b4 axb4 32. Qf2 Ka8 33. Bxc5 bxc3
34. Be3 Qe5 35. f4 Qe4 36. Re1 Qc4 37. Qc2 d4 38. Bc1 d3 39. Qg2 d2 40. Bxd2
cxd2 41. Qxd2 Ra7 42. Rxh7 b4 43. Rh2 b3 44. Qg2+ Kb8 45. Qg3 Rxa2+ 46. Rxa2
bxa2 47. Qe3 Rc7 48. Qd2 Qc3+ 49. Qxc3 Rxc3 50. Kxa2 Rc4 51. Rf1 Kc7 52. Kb3
Rc5 53. Kb4 Kd6 54. Rd1+ Rd5 55. Ra1 Rf5 56. Rf1 Kd5 57. Rg1 Ke4 58. g6 fxg6
59. Rxg6 Kd5 60. Kc3 Rxf4 61. Kd3 Rf3+ 62. Ke2 Ra3 63. Rg8 e5 64. Rb8 Ra4 65.
Rb5+ Ke4 66. Rb2 Kf4 67. Kf2 Ra3 68. Ke2 Rh3 69. Rb8 Rh2+ 70. Kf1 e4 71. Rb3
Rc2 72. Ra3 e3 73. Ra8 Rc1+ 74. Ke2 Rc2+ 75. Ke1 Rh2 76. Rf8+ Kg3 77. Re8 Kf3
78. Rf8+ Kg3 79. Re8 Kf3 80. Rf8+ Kg3 1/2-1/2

[Event "Titled Tuesday 2022.01.04"]
[Site "chess.com INT"]
[Date "2022.01.04"]
[Round "9"]
[White "Stark, L."]
[Black "Thavandiran, Shiyam"]
[Result "1/2-1/2"]
[WhiteElo "2386"]
[BlackElo "2420"]
[PlyCount "118"]
[EventDate "2022.01.04"]
[EventType "swiss (blitz)"]
[EventRounds "11"]
[EventCountry "NET"]
[Source "Mark Crowther"]
[SourceDate "2022.01.10"]

1. c4 c5 2. g3 Nf6 3. Bg2 e6 4. Nf3 a6 5. O-O Qc7 6. Nc3 Be7 7. e3 b6 8. b3 Bb7
9. Bb2 d6 10. Rc1 Nbd7 11. d4 O-O 12. d5 exd5 13. cxd5 b5 14. Nh4 Rfe8 15. e4
Bf8 16. Re1 g6 17. Nb1 Bg7 18. Nd2 Rac8 19. Ba1 Ne5 20. Ndf3 Nfd7 21. Nxe5 Bxe5
22. Bxe5 Rxe5 23. f4 Ree8 24. Qd2 c4 25. b4 c3 26. Qd4 Qb6 27. Qxb6 Nxb6 28.
Bf1 Rc7 29. Bd3 Kg7 30. Kf2 Bc8 31. Re3 f5 32. a3 fxe4 33. Rxe4 Rxe4 34. Bxe4
Bb7 35. Ke3 Bxd5 36. Bxd5 Nxd5+ 37. Kd4 Nf6 38. Rxc3 Rxc3 39. Kxc3 Ng4 40. Nf3
Kf6 41. Kd4 Ke6 42. Ng5+ Kd7 43. Nxh7 Nxh2 44. Nf6+ Ke6 45. Ne4 Nf3+ 46. Ke3
Ne1 47. Kd2 Nf3+ 48. Ke3 Ne1 49. Kd2 Nf3+ 50. Ke2 Nd4+ 51. Kd3 Nf5 52. g4 Ne7
53. Ng5+ Kd5 54. Ne4 Ke6 55. Nd2 Nd5 56. Ke4 Nc3+ 57. Kd3 Nd5 58. Ke4 Nc3+ 59.
Kd3 Nd5 1/2-1/2

[Event "Titled Tuesday 2022.01.04"]
[Site "chess.com INT"]
[Date "2022.01.04"]
[Round "10"]
[White "Thavandiran, Shiyam"]
[Black "Goncharov, Vladimir"]
[Result "1-0"]
[WhiteElo "2420"]
[BlackElo "2077"]
[PlyCount "81"]
[EventDate "2022.01.04"]
[EventType "swiss (blitz)"]
[EventRounds "11"]
[EventCountry "NET"]
[Source "Mark Crowther"]
[SourceDate "2022.01.10"]

1. e4 e6 2. d4 d5 3. exd5 exd5 4. Nf3 Nc6 5. Bb5 Bd6 6. O-O Nge7 7. c4 dxc4 8.
Bxc4 O-O 9. h3 Bf5 10. Nc3 Bg6 11. a3 Nf5 12. Kh1 Be7 13. d5 Na5 14. Ba2 b6 15.
b4 Nb7 16. Ne5 Bf6 17. Nc6 Qd7 18. Bb2 Nbd6 19. Rc1 Bg5 20. Rc2 Rae8 21. Ne2
Bh5 22. g4 Nh4 23. Ng3 Bg6 24. Re2 Rxe2 25. Qxe2 Re8 26. Qd1 Ne4 27. Nxe4 Bxe4+
28. f3 Nxf3 29. Rxf3 Bxf3+ 30. Qxf3 Re1+ 31. Kg2 Qe8 32. Bc4 Bf6 33. Bxf6 gxf6
34. Bd3 Kg7 35. Qf5 Re2+ 36. Bxe2 Qxe2+ 37. Qf2 Qe4+ 38. Qf3 Qc2+ 39. Kg3 Qc1
40. Qd3 Qe1+ 41. Kf3 1-0

[Event "Titled Tuesday 2021.12.14"]
[Site "chess.com INT"]
[Date "2021.12.14"]
[Round "1"]
[White "Rengifo Blancas, Renzo Jhonathan"]
[Black "Thavandiran, Shiyam"]
[Result "0-1"]
[WhiteElo "2131"]
[BlackElo "2420"]
[PlyCount "46"]
[EventDate "2021.12.14"]
[EventType "swiss (blitz)"]
[EventRounds "11"]
[EventCountry "NET"]
[Source "Mark Crowther"]
[SourceDate "2021.12.20"]

1. e4 c6 2. d4 d5 3. Nc3 dxe4 4. Nxe4 Nf6 5. Nxf6+ exf6 6. c3 Bd6 7. Bd3 O-O 8.
Qh5 Re8+ 9. Ne2 g6 10. Qh4 Na6 11. Be3 Nc7 12. O-O Nd5 13. Bh6 Bf5 14. Nc1 g5
15. Qh5 Nf4 16. Qd1 Qd7 17. h4 Bh3 18. hxg5 Bxg2 19. g6 Qh3 20. gxf7+ Kxf7 21.
Qb3+ Bd5 22. Qxb7+ Re7 23. Bxf4 Qg2# 0-1

[Event "Titled Tuesday 2021.12.14"]
[Site "chess.com INT"]
[Date "2021.12.14"]
[Round "2"]
[White "Thavandiran, Shiyam"]
[Black "Vusatiuk, V."]
[Result "1-0"]
[WhiteElo "2420"]
[BlackElo "2307"]
[PlyCount "55"]
[EventDate "2021.12.14"]
[EventType "swiss (blitz)"]
[EventRounds "11"]
[EventCountry "NET"]
[Source "Mark Crowther"]
[SourceDate "2021.12.20"]

1. e4 c5 2. Nf3 e6 3. d4 cxd4 4. Nxd4 Nf6 5. Nc3 d6 6. g4 Nc6 7. g5 Nd7 8. Be3
Be7 9. h4 a6 10. Qd2 Qc7 11. O-O-O b5 12. Kb1 Bb7 13. a3 Nde5 14. f4 Nc4 15.
Bxc4 bxc4 16. f5 Qd7 17. Rhf1 Ne5 18. fxe6 fxe6 19. Qg2 Rb8 20. Qh3 Bc8 21. Ka1
Bd8 22. Nf3 Qb7 23. Bc1 Nxf3 24. Qxf3 Qe7 25. g6 hxg6 26. Qg3 Bc7 27. Qxg6+ Kd8
28. Bg5 1-0

[Event "Titled Tuesday 2021.12.14"]
[Site "chess.com INT"]
[Date "2021.12.14"]
[Round "4"]
[White "Thavandiran, Shiyam"]
[Black "Odegov, Artem"]
[Result "1-0"]
[WhiteElo "2420"]
[BlackElo "2286"]
[PlyCount "95"]
[EventDate "2021.12.14"]
[EventType "swiss (blitz)"]
[EventRounds "11"]
[EventCountry "NET"]
[Source "Mark Crowther"]
[SourceDate "2021.12.20"]

1. e4 e6 2. d4 d5 3. exd5 exd5 4. Nf3 Bd6 5. Bd3 Ne7 6. O-O Nbc6 7. c3 O-O 8.
Qc2 h6 9. Re1 Bg4 10. Ne5 Bh5 11. Nd2 Bg6 12. Ndf3 Bxd3 13. Qxd3 f6 14. Ng6
Nxg6 15. Qxg6 Ne7 16. Qh5 Qe8 17. Qh3 Qg6 18. Bf4 Nf5 19. Bxd6 Nxd6 20. Re7 Rf7
21. Qe6 Kh7 22. Rxf7 Qxf7 23. Qxf7 Nxf7 24. Re1 c6 25. Re7 Nd6 26. Rd7 Nc4 27.
Rxb7 Re8 28. Kf1 Nd6 29. Rxa7 Rb8 30. b3 Ne4 31. Rc7 Nxc3 32. Rxc6 Nxa2 33. Nd2
Nb4 34. Rc1 Rb7 35. Rc3 Rb6 36. g3 Re6 37. h4 Rb6 38. Rc5 Re6 39. Rb5 Nd3 40.
Nf3 Nc1 41. Rxd5 Nxb3 42. Rd7 Rc6 43. d5 Rc1+ 44. Kg2 Nc5 45. Rc7 Rc3 46. d6
Kg8 47. d7 Nxd7 48. Rxc3 1-0

[Event "Titled Tuesday 2021.12.14"]
[Site "chess.com INT"]
[Date "2021.12.14"]
[Round "7"]
[White "Thavandiran, Shiyam"]
[Black "Khabinets, Ivan"]
[Result "0-1"]
[WhiteElo "2420"]
[BlackElo "1980"]
[PlyCount "72"]
[EventDate "2021.12.14"]
[EventType "swiss (blitz)"]
[EventRounds "11"]
[EventCountry "NET"]
[Source "Mark Crowther"]
[SourceDate "2021.12.20"]

1. e4 e5 2. Bc4 Nf6 3. d3 c6 4. Nf3 d5 5. Bb3 Bd6 6. Nc3 d4 7. Ne2 O-O 8. O-O
c5 9. Ng3 Nc6 10. a3 b5 11. Nh4 Re8 12. Nhf5 Bf8 13. Bg5 Be6 14. Nh5 c4 15. Ba2
Kh8 16. Qf3 Rc8 17. Rfd1 Nb8 18. Nxd4 Qxd4 19. Nxf6 gxf6 20. Bxf6+ Bg7 21.
Bxg7+ Kxg7 22. dxc4 Qxb2 23. Rdb1 Qxc2 24. Bb3 Qd2 25. Qg3+ Kf8 26. Qxe5 bxc4
27. Ba4 Nc6 28. Qc5+ Ne7 29. Qe5 Ng6 30. Qf6 Qd8 31. Qf3 Re7 32. g3 Qd3 33. Qf6
c3 34. Rc1 c2 35. h4 h5 36. Qg5 Qf3 0-1

[Event "Titled Tuesday 2021.12.14"]
[Site "chess.com INT"]
[Date "2021.12.14"]
[Round "8"]
[White "Thavandiran, Shiyam"]
[Black "Arias, M."]
[Result "1-0"]
[WhiteElo "2420"]
[BlackElo "2181"]
[PlyCount "119"]
[EventDate "2021.12.14"]
[EventType "swiss (blitz)"]
[EventRounds "11"]
[EventCountry "NET"]
[Source "Mark Crowther"]
[SourceDate "2021.12.20"]

1. e4 c6 2. d4 d5 3. Nd2 dxe4 4. Nxe4 Nf6 5. Nxf6+ exf6 6. c3 Bd6 7. Bd3 O-O 8.
Qc2 h5 9. Ne2 Qc7 10. Ng3 Re8+ 11. Be3 Bf4 12. O-O-O h4 13. Ne4 Nd7 14. Rde1
Bxe3+ 15. Rxe3 f5 16. Nd2 Rxe3 17. fxe3 g6 18. e4 fxe4 19. Nxe4 Kg7 20. Qf2 f5
21. Ng5 Nf6 22. Qxh4 Bd7 23. Re1 Qd6 24. Qh6+ Kxh6 25. Nf7+ Kg7 26. Nxd6 b6 27.
Re7+ Kh6 28. Rf7 Kg5 29. h4+ Kxh4 30. Rxf6 Kg5 31. Rf7 Be6 32. Rg7 Kf6 33. Rc7
Bd5 34. Ba6 Rh8 35. Bb7 Ke6 36. Nf7 Rh1+ 37. Kd2 Bxg2 38. Ne5 Be4 39. Bxc6 Rh2+
40. Ke3 Rxb2 41. Bxe4 fxe4 42. Kxe4 Rxa2 43. Rc6+ Ke7 44. Rxg6 Rc2 45. c4 Rc1
46. Kd5 a5 47. Rxb6 a4 48. Ra6 Ra1 49. Ra7+ Kf6 50. c5 a3 51. c6 a2 52. Nc4 Rb1
53. Rxa2 Rb8 54. c7 Rc8 55. Kc6 Ke6 56. d5+ Ke7 57. d6+ Ke6 58. d7 Rf8 59. d8=Q
Rf6 60. Qd7# 1-0

[Event "Titled Tuesday 2021.12.14"]
[Site "chess.com INT"]
[Date "2021.12.14"]
[Round "9"]
[White "Vovk, Or"]
[Black "Thavandiran, Shiyam"]
[Result "1-0"]
[WhiteElo "2315"]
[BlackElo "2420"]
[PlyCount "99"]
[EventDate "2021.12.14"]
[EventType "swiss (blitz)"]
[EventRounds "11"]
[EventCountry "NET"]
[Source "Mark Crowther"]
[SourceDate "2021.12.20"]

1. h4 e5 2. h5 d5 3. h6 Nxh6 4. d4 Nc6 5. Bxh6 gxh6 6. dxe5 Nxe5 7. Nf3 Qf6 8.
c3 c6 9. Nxe5 Qxe5 10. Qd4 Qxd4 11. cxd4 Bf5 12. g3 a5 13. Nc3 a4 14. a3 Bd6
15. Rxh6 Ke7 16. Bh3 Bc2 17. Kd2 Bb3 18. Bf5 Rag8 19. Rxh7 Rxh7 20. Bxh7 Rh8
21. Bc2 Rh2 22. Rf1 Ke6 23. Nxa4 Bxa4 24. Bxa4 f5 25. Bc2 f4 26. gxf4 Bxf4+ 27.
e3 Bg5 28. Kd3 Bh4 29. f4 Bd8 30. b4 Bc7 31. a4 Bd6 32. Kc3 Rh3 33. f5+ Kf6 34.
Re1 Bf4 35. Kd2 Bd6 36. Kc3 Bf4 37. Kd3 Bd6 38. b5 cxb5 39. axb5 b6 40. Rf1 Rh2
41. Bb3 Rb2 42. Bxd5 Rxb5 43. Ke4 Rb2 44. Rg1 Bf8 45. Rg6+ Ke7 46. f6+ Kd6 47.
Rg8 Bh6 48. f7 Rf2 49. Rg6+ Ke7 50. Rxh6 1-0

[Event "Titled Tuesday 2021.12.14"]
[Site "chess.com INT"]
[Date "2021.12.14"]
[Round "10"]
[White "Bouget, Alexandre"]
[Black "Thavandiran, Shiyam"]
[Result "1-0"]
[WhiteElo "2250"]
[BlackElo "2420"]
[PlyCount "49"]
[EventDate "2021.12.14"]
[EventType "swiss (blitz)"]
[EventRounds "11"]
[EventCountry "NET"]
[Source "Mark Crowther"]
[SourceDate "2021.12.20"]

1. Nc3 d5 2. e4 dxe4 3. Nxe4 Nf6 4. Nxf6+ exf6 5. d4 c5 6. Nf3 Be7 7. Be3 cxd4
8. Qxd4 Qc7 9. Bd3 Nc6 10. Qa4 Bd7 11. O-O-O O-O 12. Rhe1 Rfd8 13. Qh4 g6 14.
Bf4 Qa5 15. Kb1 Be6 16. a3 Rd5 17. Bd2 Qb6 18. Bc3 Rh5 19. Qg3 Bxa3 20. Rxe6
fxe6 21. Bxg6 Rg5 22. Nxg5 hxg6 23. Nxe6 Kf7 24. Nf4 Be7 25. Qxg6+ 1-0

[Event "Titled Tuesday 2021.12.14"]
[Site "chess.com INT"]
[Date "2021.12.14"]
[Round "11"]
[White "Thavandiran, Shiyam"]
[Black "Pourkashiyan, A."]
[Result "1-0"]
[WhiteElo "2420"]
[BlackElo "2322"]
[PlyCount "88"]
[EventDate "2021.12.14"]
[EventType "swiss (blitz)"]
[EventRounds "11"]
[EventCountry "NET"]
[Source "Mark Crowther"]
[SourceDate "2021.12.20"]

1. e4 e5 2. Bc4 Nf6 3. d3 Nc6 4. Nc3 Bb4 5. Nf3 d5 6. exd5 Nxd5 7. O-O Bxc3 8.
bxc3 O-O 9. Bd2 Bg4 10. h3 Bh5 11. Re1 Re8 12. Qe2 h6 13. Qe4 Nf6 14. Qh4 Bxf3
15. gxf3 Nd5 16. Qe4 Nb6 17. Bb3 Qd7 18. Kh2 Kh8 19. Rg1 f5 20. Qh4 f4 21. Rg6
Na5 22. Rag1 Nxb3 23. Rxh6+ Kg8 24. Rh8+ Kf7 25. Rh7 Rg8 26. axb3 Qf5 27. Rg5
Qf6 28. Qg4 Ke7 29. Rgxg7+ Rxg7 30. Rxg7+ Kd6 31. Rg6 Rf8 32. c4 Nd7 33. Bc3
Qxg6 34. Qxg6+ Rf6 35. Qe4 c6 36. d4 exd4 37. Bxd4 Re6 38. Qxf4+ Ke7 39. h4 b6
40. h5 c5 41. h6 cxd4 42. h7 Nf8 43. h8=Q Ng6 44. Qg7+ Ke8 1-0